000 00306nam a22001337a 4500
008 170407b xxu||||| |||| 00| 0 eng d
020 _a081211311X
041 _aeng
080 _a616
100 _a9
101 _aSHM
245 _aCOLOR ATLAS OF CLINICAL ORAL PATHOLOGY
_cNEVILLE, B.W
942 _2udc
_cBK
999 _c10250
_d10250